Vše o bolestech hlavy, aneb, Trápí vás migréna? /

Hlavní autor: Dočekal, Petr, 1954-
Jazyk: Čeština
Vydáno: Praha : Grada, 1994
Vydání: 1. vyd.
Edice: Pro vaše zdraví
Témata:
Externí odkaz: Digitalizovaný dokument
Fyzický popis: 103 s. : il. ; 21 cm
Knihy
Uloženo v:
LEADER 01272nam a2200361 a 4500
001 000015482
003 CZ BrMZK
005 20210527123909.0
007 ta
008 950101s1994 xr e f cze d
015 |a cnb000089180 
020 |a 80-7169-119-4 
040 |a BOA001  |b cze 
072 7 |a 616  |x Patologie. Klinická medicína  |2 Konspekt  |9 14 
080 |a 616.857  |2 MRF 
080 |a 616.831-009.7  |2 MRF 
080 |a (035)  |2 MRF 
100 1 |a Dočekal, Petr,  |d 1954-  |7 jn20001103563 
245 1 0 |a Vše o bolestech hlavy, aneb, Trápí vás migréna? /  |c Petr Dočekal 
246 3 0 |a Trápí vás migréna? 
250 |a 1. vyd. 
260 |a Praha :  |b Grada,  |c 1994 
300 |a 103 s. :  |b il. ;  |c 21 cm 
490 1 |a Pro vaše zdraví 
500 |a Dostupné též v digitální podobě v aplikaci Kramerius 
650 0 7 |a migréna  |7 ph122844  |2 czenas 
650 0 7 |a bolesti hlavy  |7 ph118959  |2 czenas 
655 7 |a příručky  |7 fd133209  |2 czenas 
830 0 |a Pro vaše zdraví  |0 s 
856 4 1 |u http://www.digitalniknihovna.cz/mzk/uuid/uuid:851686f0-7d04-11ec-8ca2-005056827e52  |y Digitalizovaný dokument  |x NDK 
910 |a BOA001  |b 2-1004.793 
990 |a BK 
996 6 |b 2610015942  |c 2-1004.793  |l MZK  |r Sklad / do 1 hodiny  |n 20  |p p.v.  |w 000015482  |u 000010  |a 1  |e BOA001  |j MZK50  |s P